| 000 | 00432nam a2200145 i 4500 | ||
|---|---|---|---|
| 001 | 62500 | ||
| 003 | ES-MaACL | ||
| 007 | t| | ||
| 008 | 031121s1974 sp ||||1| spa d | ||
| 100 | 1 |
_aFernández Alvarez, José. _949456 |
|
| 245 | 1 | 0 |
_aCurso de Derecho administrativo turístico / _cJosé Fernández Alvarez. |
| 260 |
_aMadrid : _bEditora Nacional, _c[1974] |
||
| 300 |
_a2 v. ; _c24 cm. |
||
| 852 |
_aES-MaACL _jE-6988-9 _bR.91251 |
||
| 999 |
_c62500 _d62500 |
||